Offshore banking
Offshore krajina - krajina, ktorá poskytuje podnikateľom výhodnejšie podmienky pre ich podnikanie než domovská krajina. Charakteristika offshore bankovníctva. Výhody súkromného vlastníctva offshore bánk. Offshore bankové licencie. Služby offshore banky. Pranie špinavých peňazí v offshore bankách. Čo...
Guardado en:
| Autor principal: | |
|---|---|
| Formato: | Capítulo de libro |
| Lenguaje: | eslovaco |
| Materias: | |
| Etiquetas: |
Sin Etiquetas, Sea el primero en etiquetar este registro!
|
MARC
| LEADER | 00000naa$a2200000$$$4500 | ||
|---|---|---|---|
| 001 | 0070839 | ||
| 005 | 20240502071840.4 | ||
| 041 | 0 | |a slo | |
| 044 | |a SK | ||
| 245 | 1 | 0 | |a Offshore banking |c Mária Klimiková |
| 520 | |a Offshore krajina - krajina, ktorá poskytuje podnikateľom výhodnejšie podmienky pre ich podnikanie než domovská krajina. Charakteristika offshore bankovníctva. Výhody súkromného vlastníctva offshore bánk. Offshore bankové licencie. Služby offshore banky. Pranie špinavých peňazí v offshore bankách. Čo predstavuje pojem pranie špinavých peňazí podľa Direktívy rady Európy č. 91/308 EEC. | ||
| 610 | 2 | 0 | |a bankovníctvo |
| 610 | 2 | 0 | |a banky |
| 610 | 2 | 0 | |a podnikanie v zahraničí |
| 610 | 2 | 0 | |a investovanie |
| 610 | 2 | 0 | |a raje daňové |
| 610 | 2 | 0 | |a pranie špinavých peňazí |
| 610 | 2 | 0 | |a činnosť trestná |
| 610 | 2 | 0 | |a legislatíva |
| 100 | 1 | |a Klimiková, Mária | |